000 00837nam a22002295i 4500
001 167726
003 ES-MaACL
005 20250930063149.0
008 160208s1974 sp |||| | spa d
080 _a830(436) Hofmannstalhl, Hugo von 1.06
100 1 _aBroch, Hermann,
_d1886-1951
_931828
245 1 0 _aPoesía e investigación /
_cHemanna Broch ; [traducción de Ramón Ibero].
250 _a[1ª ed.].
260 _aBarcelona :
_bBarral,
_c1974.
300 _a447 p ;
_c20 cm.
490 1 _aBreve Biblioteca de Respuesta. Series de respuesta ;
_v114
600 0 4 _aHofmannsthal, Hugo von-
_vCrítica e interpretación.
_963967
700 0 _aIbero, Ramón.
_964989
830 0 _aBreve biblioteca de respuesta
_v114
_9183536
852 _aES-MaACL
_jL-30207
_z.- Donat. Miguel A. Velasco
999 _c167726
_d167726